000 00483nam a2200157Ia 4500
999 _c30106
_d30106
003 OSt
005 20250729162620.0
008 250310s9999||||xx |||||||||||||| ||und||
040 _c.
082 _a900.058
_bS8197
100 _96242
_aSteinberg, S. H.
245 0 _aThe Statesman's Year-Book: Statistical and Historical Annual of the States of the World for the Year 1960 /
_cS. H. Steinberg
260 _aLondon :
_bMacmillan & co ltd,
_c1960.
300 _a1675 p.
942 _cBK
_2ddc